000 00660nam a2200253Ia 4500
003 OSt
005 20221005031652.0
006 a|||||r|||| 00| 0
007 ta
008 221004b |||||||| |||| 00| 0 tam d
020 _c03
024 _a64442
037 _cTextual
040 _aCRL
_cCRL
_btam
041 _2tam
_atam
082 _aO31,1JKAx, K1
100 _aPuliyur Kesikan Au.
_9584139
245 0 _aKaalamegam
260 _aChennai
_bMalligaip Pathippakam India
_c1961
300 _a184p.
_ccm.
650 _aTAMIL LITERATURE
942 _hO31,1JKAx, K1
_cTEXL
_2cc
999 _c938254
_d938254